000 01021cam a2200229 4500
001 ##L133610
008 060523n2004 000 0 eng u
035 _a(Sirsi) u133610
041 0 _aeng
050 0 4 _a692.2 $2 18
110 2 _aRoyal Institution of Chartered Surveyors
_94900
245 0 0 _aParty walls
_bwhat every property owner should know
260 _aLondon
_bRICS
_c2004
300 _a1
_ffolded leaflet
_c21cm.
505 2 _aWhat is a party wall? -- The Party Wall etc Act -- What doesn't the Act cover? -- What is covered by the Act? -- What do I do next? -- What if there's a dispute? -- How RICS can help you?
520 _aProvides advice aimed at the general public on building work to party walls that is covered by the legislation.
650 2 4 _aPARTY WALL ETC ACT 1996
651 4 _aEngland and Wales
_y1543-
690 _aBoundary disputes
_96221
856 4 1 _uhttps://www.rics.org/RICSWEB/getpage.aspx?p=AJ8UG5xFCUG1EB0R_mYHew
_zView the item free of charge at www.rics.org...
942 _n0
999 _c105431
_d105431